| 000 | 01243nam a2200325Ia 4500 | ||
|---|---|---|---|
| 001 | ebr10325904 | ||
| 003 | CaPaEBR | ||
| 006 | m u | ||
| 007 | cr cn||||||||| | ||
| 008 | 080821s2009 enk sb 000 0 eng d | ||
| 010 | _z 2008037177 | ||
| 020 | _z9780754667162 (hardcover : alk. paper) | ||
| 020 | _z9780754667223 (pbk. : alk. paper) | ||
| 040 |
_aCaPaEBR _cCaPaEBR |
||
| 035 | _a(OCoLC)646820011 | ||
| 050 | 1 | 4 |
_aBT111.3 _b.F54 2009eb |
| 100 | 1 | _aFletcher, Paul. | |
| 245 | 1 | 0 |
_aDiscipling the divine _h[electronic resource] : _btoward an (im)political theology / _cPaul Fletcher. |
| 260 |
_aFarnham, Surrey, [England] ; _aBurlington, VT : _bAshgate, _c2009. |
||
| 300 | _axiii, 203 p. | ||
| 504 | _aIncludes bibliographical references. | ||
| 533 |
_aElectronic reproduction. _bPalo Alto, Calif. : _cebrary, _d2009. _nAvailable via World Wide Web. _nAccess may be limited to ebrary affiliated libraries. |
||
| 650 | 0 | _aTrinity. | |
| 650 | 0 | _aTheology. | |
| 650 | 0 | _aPhilosophical theology. | |
| 650 | 0 | _aChurch. | |
| 655 | 7 |
_aElectronic books. _2local |
|
| 710 | 2 | _aebrary, Inc. | |
| 856 | 4 | 0 |
_uhttp://site.ebrary.com/lib/rucke/Doc?id=10325904 _zAn electronic book accessible through the World Wide Web; click to view |
| 999 |
_c74397 _d74397 |
||